1652 1087 1216 1060 1176 1607 1271 1793 1963 1916 1877 1766 1768 1103 1964 1494 1710 1239 1601 1008 1292 1288 1640 1373 1753 1700 1535 1197 1328 1088 1592 1908 1163 1227 1446 1543 1851 1302 1913 1092 1964 1295 1257 1802 1793 1878 1473 1686 1932 1401 1149 1116 1775 1490 1093 1353 1374 1556 1140 1217 1248 1318 1881 1358 1918 1190 1704 1066 1725 1166 1139 1875 1167 1145 1789 1241 1457 1759 1564 1149 1877 1548 1646 1058 1171 1187 1744 1824 1494 1219 1330 1320 1020 1124 1196 1066 1613 1652 1229 BCNSPRNW ULIB Ver.6.0+V

เปลี่ยนเป็นภาษาไทย

Change to English
 แสดงรายละเอียดบรรณานุกรม
  กลับหน้าหลัก

Brief Record : Get Marc (ISO 2709) : E-mail record : QR code < ปิดหน้าต่าง
LEADER : 00000nam 2200000uu 4500
001    13399109825
003     ULIB
008    110412s2542||||th 000 0 tha d
060 04 WC503^bอ863ก 2542
100 0  เอกธง ลิ้มวีระประจักษ์
245 10 การเปรียบเทียบวิธีประยุกต์เพื่อตรวจหา anti-HIVในซีรั่ม /^cเอกธง ลิ้มวีระประจักษ์
260    นครสวรรค์ :^bโรงพยาบาลสวรรค์ประชารักษ์,^c2542
300    25 หน้า
650  7 การตรวจหาanti-HIV
710 1  โรงพยาบาลสวรรค์ประชารักษ์^bกลุ่มงานพยาธิวิทยาคลีนิก
945    ^p0^l0^i011944
995    ทศพร
999 ^a ใช้งานได้ทุกระบบ
รายการนี้ยังไม่มีแท็ก
คุณยังไม่ได้ล็อกอิน คุณสามารถมีกิจกรรมร่วมกับเว็บไซต์ได้ แต่ต้องล็อกอินก่อน ::
  ล็อกอิน

รายการสื่อสารสนเทศ

ลำดับที่ ประเภท เลขเรียก/บาร์โค้ด สถานที่ สถานะ
- ไม่พบข้อมูล -

BibComment


ยังไม่เคยถูกคอมเมนท์

คอมเมนท์ทรัพยากรรายการนี้
  คอมเมนท์: การเปรียบเทียบวิธ..


 Copyright 2026. Bcnsprnw @Library